000 00462 a2200169 4500
001 132329
003 OSt
005 20211025150743.0
008
082 _a307.1412095
_bT15R
100 1 _aTanuria, B.G.
245 1 _aRural development
_cby B.G. Tanuria
260 _aJaipur
_bRitu Publications
_c2012
300 _a250p.
690 _aRural development--Government policy; India; Agriculture and state
942 _2ddc
_cBK
999 _c6700
_d6700